| 000 | 01446nam a2200253 a 4500 | ||
|---|---|---|---|
| 005 | 20180803165431.0 | ||
| 008 | 130902b2009 ck |||||r|||| 00| 0 spa d | ||
| 040 |
_aCO-BoIAVH _cCO-BoIAVH |
||
| 041 | _aspa | ||
| 044 | _ack | ||
| 090 |
_aIAVH _b01392 |
||
| 245 |
_aEstrategia de conservación de la biodiversidad y regulación de los servicios ambientales mediante la restitución de la conectividad estructural de fragmentos de bosque andino y sub andino en el sector Reserva Forestal Laguna de Pedro Palo - Cerro Manjuí y el DMI Cuchilla de Peñas Blancas y El Subia en Cundinamarca _bDiseño, negociación e implementación de Herramientas de Manejo del Paisaje - HMP |
||
| 260 |
_aBogotá _bInstituto de Investigación de Recursos Biológicos Alexander von Humboldt _bCAR _c2009 |
||
| 300 |
_a104 p. _bil. _c28 cm. |
||
| 500 | _aConvenio CAR - IAvH No. 08-330 | ||
| 505 | _aDiseño y establecimiento de herramientas de manejo del paisaje con el fin de restituir la conectividad entre la Reserva Forestas Laguna de Pedro Palo - Cerro Manjui y el DMI Cuchilla de Peñas Blancas y El Subia en Cundinamarca | ||
| 650 |
_aHerramientas de Manejo del Paisaje _992481 |
||
| 650 |
_aCorredores biológicos _992432 |
||
| 650 |
_aRestauración ecológica _992279 |
||
| 651 |
_aLaguna de Pedro Palo _zCerro Manjui (Colombia) _931395 |
||
| 651 |
_aPeñas Blancas _zCundinamarca _931396 |
||
| 651 |
_aSubia _zCundinamarca _931397 |
||
| 942 |
_cINFORME _2z _02 |
||
| 999 |
_c7205 _d7205 |
||